Les meilleurs buteurs en Ligue des Champions (depuis 2008) - Statistiques

Statistiques générales
  • Ce quiz a été pris 1 913 fois
  • Le résultat moyen est 21 sur 30
Statistiques - réponses
Clubs Joueurs Buts % Correct
Man U / Real Madrid / Juventus Cristiano Ronaldo 113
100%
Barcelone Lionel Messi 100
100%
Lyon / Real Madrid Karim Benzema 53
99%
Dortmund / Bayern Robert Lewandowski 53
99%
Inter / Barcelone / Milan / Paris Zlatan Ibrahimovic 34
96%
Naples / Paris Edinson Cavani 34
95%
Barcelone / Paris Neymar 32
95%
Bayern Thomas Muller 42
95%
Atlético / Man City Sergio Aguero 42
93%
Sociedad / Atlético Antoine Griezmann 22
87%
Bale / Rome / Liverpool Mohamed Salah 20
87%
Tottenham / Real Madrid Gareth Bale 20
86%
Chelsea / Galatasaray Didier Drogba 21
79%
Real Madrid / Bayern Arjen Robben 27
77%
Dortmund Marco Reus 17
77%
Man U Wayne Rooney 22
76%
Ajax / Barcelone Luis Suarez 23
74%
Real Madrid / Naples / Juventus Gonzalo Higuain 23
73%
Bayern Franck Ribéry 18
72%
Barcelone / Inter / Chelsea Samuel Eto'o 19
68%
Wolfsburg / Man City / Rome Edin Dzeko 22
59%
Real Madrid / Paris Angel Di Maria 18
58%
Porto / Zenith Hulk 20
57%
Bayern Mario Gomez 24
47%
Barcelone / Chelsea Pedro Rodriguez 16
45%
Porto / Lyon Lisandro Lopez 16
42%
Dortmund Pierre Emerick Aubameyang 15
33%
Shakhtar / Chelsea Willian 18
33%
Porto / Atlético Jackson Martinez 15
19%
Shakhtar / Spartak Moscou Luiz Adriano 22
13%
Aucun quiz correspondant
Distribution des résultats
% des personnes avec chaque résultat
Percentile par nombre de réponses
Votre historique - résultats
Vous n’avez pas pris ce quiz